000 01702nam a22001577a 4500
041 _aukr
080 _a09
090 _bМАР
100 _aМаркевич, Л. О.
245 _aЛінгвістичні та паралінгвістичні засоби реалізації неправдивого висловлювання в англомовних комунікативних актах (на прикладі відеоматеріалів)
260 _aОстрог
_bКАФ
_c2014
300 _a64
520 _aВступ. Розділ І. Комунікація як синтез вербального і невербального спілкування. 1.1. Поняття комунікації 1.2. Вербальні засоби спілкування 1.3. Невербальні засоби спілкування Розділ ІІ. Реалізація неправдивого висловлювання за лінгвістичними та паралінгвістичними ознаками. 2.1. Поняття неправдивого висловлювання 2.2. Лінгвістичні засоби реалізації обману 2.3. Визначення обману на паралінгвістичному рівні Розділ ІІІ. Аналіз вербальних та невербальних засобів реалізації обману на прикладі комунікативної поведінки Мітта Ромні. Висновки. Список використаної літератури.
_0комунікація, лінгвістика, паралінгвістика
650 _aResearch Papers
999 _c285380
_d285380
942 _cBK